| 000 | 01009nam a22002897a 4500 | ||
|---|---|---|---|
| 003 | CHAP | ||
| 005 | 20220329140048.0 | ||
| 008 | 971013s1963 r 10010 d | ||
| 010 | _a46400 | ||
| 011 | _a47372 | ||
| 035 | _a51514 | ||
| 040 | _cCHAP | ||
| 082 |
_a630.717 _bR4 1962 |
||
| 111 | 0 | 0 |
_aReunión Nacional de Líderes Estatales de Clubes _d4-S. ( _n3 _d: 1962 _c: Domingos Martins, Brasil) _996509 |
| 245 | _aSelección, empleo y capacitación de líderes voluntarios locales | ||
| 260 |
_a(s.l.) : _bPrograma Interamericano para la Juventud, _c1963 |
||
| 300 |
_a167 p. _b: ilus. |
||
| 590 |
_aBATCH-UPD _b10 _c20130110 _lUCH01 _h1916 |
||
| 590 |
_aBATCH-UPD _b10 _c20130410 _lUCH01 _h1243 |
||
| 590 |
_aBATCH-UPD _b10 _c20130914 _lUCH01 _h1338 |
||
| 590 |
_aCONVERSION _b10 _c20130109 _lUCH01 _h1325 |
||
| 650 | 1 | 4 |
_aAgricultura _xClubes. _91362 |
| 650 | 1 | 4 |
_aExtensión agrícola. _939144 |
| 901 | _aBK | ||
| 942 | _cLIBRO | ||
| 949 |
_a630.717 R4 1962 _bBC _cLIBRO _d33724000035937 _eLIBRO _h19965 _i51514 _si |
||
| 999 |
_c46400 _d46400 |
||